00862 2200313 4500001002100000005001500021035002000036007000300056040001600059100003600075245005400111250000900165300004000174020001600214041000800230082001000238084001800248090002100266264003100287336002100318337003000339338002300369650002200392850001000414008004100424700004700465990001800512990001800530INLIS00000000000455120260525112045 a0010-0122000183ta aSBUPADbind1 aHurlock Elizabeth B.ePengarang1 aPerkembangan Anak Jilid 2 /cHurlock Elizabeth B. aed 6 aviii, 273 hal :bilus. ;c15,5x24cm a13-00-017-9 aind a155.2 a155.2 HUR p 2 a155.25 IND e R-3 ajakarta :bErlangga,c1978 2rdacontentaTeks 2rdamediaaTanpa Perantara 2rdacarrieravolume 4aPerkembangan Anak aPUPAD260525 0 0 aPenerjemah, Meitasari TjandrasaePengarang a17086/BR/2012 a17092/BR/2012